000 03112nam a22004217a 4500
999 _c21777
_d21777
003 AR-CdUCM
008 190425b ||||| |||| 00| 0 spa d
040 _aMUNICIPALIDAD PROVINCIAL DEL CUSCO
_cBIBLIOTECA MUNICIPAL DEL CUSCO
082 _aRev.Univ/N°122-125/1965
110 _aUniversidad Nacional de San Antonio Abad del Cusco
_915942
245 _aRevista Universitaria :
_bÓrgano de la Universidad del Cuzco /
260 _aCusco :
_bGarcilaso,
_c1965.
300 _a507 páginas. :
_c20 cm.
440 _aRevista Universitaria
_nAño LI-LII, 1962-1963, N°122-123,124-125.
_946051
500 _aNota explicativa: Por razones fundamentales económicas, esta revista dejó de aparecer desde el 2°semestre de 1961. Con la entrega del presente volumen que corresponde a los N°122,123,124 y 125 y en consecuencia a los respectivos semestres de los años 1962-1963 tratamos de subsanar en parte el largo y obligado silencia. La próxima entrega correspondiente a 1964-1965 nos pondrá al día en la publicación de este vocero. A partir de 1966 se procurará regularizar la aparición semestral de este órgano de nuestra casa de estudios. La Dirección.
505 _aContenido: La integración económica Latino Americana y factores de desarrollo en el Perú. -- Garcilaso símbolo del mestizo peruano. Alfredo Yépez Miranda. -- Apuntes para la historia de la industria textil en el Cusco colonial. Maximiliano Moscoso. -- El Ayllu y la Marca en el antiguo Perú. -- Técnica y arte de la cantería Inca. Emilio Harth Terre. -- Industrias alimenticias en el Cuzco. Jorge Kuon Cabello. -- Investigación sobre las características de resistencia de nuestras maderas regionales. Eduardo Marmanillo. -- Determinación del equivalente químico de la glicerina en el procedimiento volumétrico de Hehner. Ernesto Montesinos. -- La influencia del quechua en el castellano de América. Andrés Alencastre Gutiérrez. -- Cuzco eterno. Alfredo Yépez Miranda. -- Cuzco impresiones de viaje. Carlos Ríos Pagaza. -- El problema del libre albedrío en el derecho penal. José Sotomayor Pérez. -- Apéndice Reediciones de libros de autores cuzqueños . -- Juan Espinoza Medrano. Apologético en favor de don Luis de Góngora.
650 _aInca Garcilaso de la Vega
_9300
650 _aMestizaje
_92739
650 _aTextilería cusqueña
_946052
650 _aHistoria de la textilería
_946053
650 _aTextilería colonial
_946054
650 _aArte colonial
_913403
650 _aArte virreinal
_946049
650 _aCantería Inka
_946055
650 _aInkas
_91899
650 _aJuan Espinoza Medrano
_946056
700 _aKuon Cabello, Jorge
_931347
700 _aYépez Miranda, Alfredo
_94230
700 _aHarth Terre, Emilio
_946011
700 _aRíos Pagaza, Carlos
_945911
700 _aSotomayor Pérez, José
_946057
700 _aNúñez Anavitarte, Carlos
_97771
700 _aAlencastre Gutiérrez, Andrés
_916462
700 _aEspinoza Medrano, Juan
_946058
710 _aUniversidad Nacional de San Antonio Abad del Cusco
_915942
942 _2ddc
_cPP
945 _arac